| 000 | 00651nam a2200205Ia 4500 | ||
|---|---|---|---|
| 003 | GCL | ||
| 008 | 140319s9999 xx 000 0 ara d | ||
| 040 |
_aGCL / _cGCL |
||
| 082 | 0 | 4 |
_a370.19 _bج ت |
| 100 | 1 | _aجابر عبدالحميد جابر | |
| 245 | 1 | 0 |
_aالتعلم وتكنولوجيا التعليم / _cجابر عبدالحميد جابر |
| 260 |
_a[S.N] : _bدار النهضة العربية ، _c1983 |
||
| 300 | _a443 ص | ||
| 490 | _a | ||
| 650 | 0 | 4 | _aالتعليم |
| 650 | 0 | 4 | _aالتربية |
| 650 | 0 | 4 | _aعلم النفس التربوى |
| 650 | 0 | 4 | _aالفروق الفردية فى التعليم |
| 942 |
_2ddc _cBK |
||
| 999 |
_c33197 _d33197 |
||